000
00326nam a2200145Ia 4500
100
_a
Weinwurm/ E.H.
650
_a
General
942
_c
BK
654
_a
Long term profit planning
245
_a
Long term profit planning
260
_b
Taraporevala.
_a
Bombay
_c
1980
082
_a
658.155
300
_a
260
546
_a
ENGLISH
999
_c
23062
_d
23062